Obálka Náhled e-knihy:
PDF Epub
Pro půjčování e-knih musíte být přihlášeni.
Jak si půjčit online?

Prázdnota. Čas /

Pokračování objemné space opery zachycuje další osudy lidského Společenství, které se ocitne vzhledem k expanzivním plánům Prázdnoty na pokraji zkázy.

Uloženo v:
Série:Prázdnota, část 2
Hlavní autor: Hamilton, Peter F., 1960- (Autor)
Další autoři: Královec, Martin, 1985- (Autor)
Médium: E-kniha
Jazyk:Czech
Vydáno: Praha : Planeta9, 2021
Vydání:Vydání první
Témata:
Příbuzné jednotky:Z cyklu:: Prázdnota
Tagy:
Žádné tagy
LEADER 02778nam a2200457 i 4500
001 311481
003 CZ PrSKC
005 20260601215706.0
007 ta
008 211207s2021 xr g 000 f cze
015 |a cnb003377484 
020 |a 9788088321521  |q (brožováno) :  |c Kč 499,00 
035 |a (OCoLC)1302726742 
040 |a ABG001  |b cze  |d ABA001  |e rda 
041 1 |a cze  |h eng 
072 7 |a 821.111-3  |x Anglická próza, anglicky psaná  |2 Konspekt 
080 |a 821.111-31  |2 MRF 
080 |a (0:82-311.9)  |2 MRF 
100 1 |a Hamilton, Peter F.,  |d 1960-  |7 xx0012750  |4 aut 
240 1 0 |a Temporal void.  |l Česky 
245 1 0 |a Prázdnota.  |p Čas /  |c Peter F. Hamilton ; překlad Martin Královec 
246 3 0 |a Čas 
250 |a Vydání první 
264 1 |a Praha :  |b Planeta9,  |c 2021 
300 |a 698 stran ;  |c 20 cm 
336 |a text  |b txt  |2 rdacontent 
337 |a bez média  |b n  |2 rdamedia 
338 |a svazek  |b nc  |2 rdacarrier 
500 |a Přeloženo z angličtiny 
520 2 |a Pokračování objemné space opery zachycuje další osudy lidského Společenství, které se ocitne vzhledem k expanzivním plánům Prázdnoty na pokraji zkázy.  |b Ve Společenství panuje zmatek. Blíží se termín, který Živoucí sen stanovil pro zahájení Pouti do Prázdnoty, a hrůza z probuzení neznámých sil dřímajících v Prázdnotě roste. Nesmyslné cestě do zkázy se zoufale snaží zabránit Paula Myo, nemilosrdně pátrá po agentech jednotlivých frakcí ve snaze zabránit jejich dalšímu soupeření. Sužovaná přízraky své dávné minulosti a odkázaná na pomoc kolegů pochybné loajality, prohrává souboj s časem. Hrdina Inigových snů je mesiášem Živoucího snu. Kdysi žil uprostřed nitra Prázdnoty, jeho poutavý a nádherný příběh inspiruje miliardy lidí. On je hnací silou Pouti. Roste s každým dalším snem. Je možné tuto sílu zastavit? Pravá podstata Prázdnoty dosud není odhalena... Nakladatelská anotace. Kráceno. 
655 7 |a anglické romány  |7 fd131814  |2 czenas 
655 7 |a vědecko-fantastické romány  |7 fd133847  |2 czenas 
655 9 |a English fiction  |2 eczenas 
655 9 |a science fiction novels  |2 eczenas 
700 1 |a Královec, Martin,  |d 1985-  |7 jo20221140705  |4 trl 
787 0 8 |i Z cyklu:  |t Prázdnota  |g 2 
900 |a ABA001  |b 20 
044 |a xr 
910 |a RBIT002 
998 |d 341336  |a https://core.palmknihy.cz/api/books/341336/cover?r3djld  |b https://core.palmknihy.cz/api/books/341336/cover/400?r3djld  |c https://core.palmknihy.cz/api/books/341336/cover/50?r3djld  |e   |g 702  |i 9788088321521  |j https://core.palmknihy.cz/api/books/341336/preview.epub  |k https://core.palmknihy.cz/api/books/341336/preview.pdf  |l   |q 49  |r 1  |s https://www.palmknihy.cz/kniha/341336  |t ebook  |y 2021  |z 0  |v Prázdnota  |w 2 
999 |d 311479